000 00322nam a22001337a 4500
008 170619b xxu||||| |||| 00| 0 eng d
020 _a9780395868492
041 _aeng
080 _22ND
_a94
100 _a16
101 _aSHH
245 _aMAJOR PROBLEMS IN THE CIVIL WAR AND RECONSTRUCTION
_cPERMAN,M
942 _2udc
_cBK
999 _c18123
_d18123